• 首页
  • 本馆介绍
  • 公告通知
  • 最新文献
  • 馆藏检索
  • 电子资源
  • 读者导购
  • 参考咨询
  • 我的图书馆
  • 登录
  • 详细信息显示
  • 放入我的书架
  • 预约/预借图书
  • 作者相关作品
  • 分类相关作品
  • 丛书相关作品
  • 出版社相关作品

书目信息

  • 表格格式
  • 工作单格式
  • 卡片格式
题名:
列宁、毛泽东和邓小平论民主集中制
    
 
作者: ;中央纪委 编
分册:  
出版信息: 北京   中国方正出版社  1994.10
页数: 344页
开本: 20cm
丛书名:
单 册:
中图分类: A562
科图分类: 08.1331
主题词: 马列著作-民主集中制--文摘 , 民主集中制-马列著作--文摘
电子资源:
ISBN: 7-80107-018-6
000 00802nam0 2200241 45
001 0194042941
005 20070922144438.00
010    @a7-80107-018-6@dCNY11.40
100    @a19931212d1994 emky0chiy0121 ea
101 0  @achi
102    @aCN@b110000
105    @ay z 000yy
200 10 @a列宁、毛泽东和邓小平论民主集中制@ALIE NING 、 MAO ZE DONG HE DENG XIAO PING LUN MIN ZHU JI ZHONG ZHI@f中央纪委编@FZHONG YANG JI WEI BIAN
210    @a北京@c中国方正出版社@d1994.10
215    @a344页@d20cm
540 1  @a列宁 毛泽东 邓小平@ALIE NING MAO ZE DONG DENG XIAO PING
606    @a马列著作-民主集中制@x文摘
606    @a民主集中制-马列著作@x文摘
690    @aA562@v三版
692    @a08.1331
711 02 @a中央纪委@AZHONG YANG JI WEI@4编
801  0 @aCN@bTSSF@c20070922
905    @a10447@dA562@e84
    
    列宁、毛泽东和邓小平论民主集中制/中央纪委编.-北京:中国方正出版社,1994.10
    344页;20cm
    
    
    ISBN 7-80107-018-6:CNY11.40
    
●
相关链接 在E读中查询图书 在五车中查询图书 在当当中查询图书 在豆瓣中查询图书


正题名:列宁、毛泽东和邓小平论民主集中制     索取号:A562/84         预约/预借

序号 登录号 条形码 馆藏地/架位号 状态 备注
1 0609564   206095642   密集书库/ [索取号:A562/84] 在馆    
2 0766975   207669753   第一样本阅览室/ [索取号:A562/84] 在馆    
唐山师范学院图书馆 欢迎您!
大连网信软件有限公司© 版权所有